| 000 | 00533nam a22001577a 4500 | ||
|---|---|---|---|
| 999 |
_c530142 _d530142 |
||
| 020 | _a9788126933952 | ||
| 082 | _aA99 V836/An14/1 | ||
| 100 |
_aAnanda, Sri _953858 |
||
| 245 |
_aSwami Vivekananda: The Complete Biography, Volume1: Before his Visit to the West _cSri Ananda |
||
| 260 |
_aNew Delhi _bAtlantic Publishers & Distributors _c2022 |
||
| 300 | _a328p. | ||
| 650 |
_aBiographies _953859 |
||
| 650 |
_aHindu philosophers _953860 |
||
| 650 |
_aHindus - India - Biography _953861 |
||
| 650 |
_aVivekananda, Swami, 1863-1902 _953862 |
||